000 00684nam a2200241Ia 4500
003 OSt
005 20250210091705.0
008 210210b2012 xxu||||| |||| 00| 0 eng d
020 _a9789381055946
040 _cAL
041 _aKannada
082 _aK894.4 DEVE
100 _aDEVANURA MAHADEVA
_9140733
_dದೇವನೂರು ಮಹಾದೇವ
245 _aEdeghe bidda akshara
_b ಎದೆಗೆ ಬಿದ್ದ ಅಕ್ಷರ
260 _aBengaluru
_bAbhinava Prakashana
_c2012
300 _axviii,328
650 _aEdeghe
_9140734
650 _abidda
_9140735
650 _aakshara
_9140736
690 _aKannada Prose
_9140737
906 _a067336
942 _2ddc
_cBK
999 _c149678
_d149678